[Event "XXVII Open Internacional Ayuntamiento de Erandio"]
[Site "Erandio"]
[Date "2018.12.17"]
[Round "3"]
[Board "5"]
[White "Garrido Legarreta, Jose Javier"]
[Black "Cuero Reid, Maximo Javier"]
[Result "1-0"]
[WhiteElo "2045"]
[BlackElo "1804"]
[PlyCount "77"]
[EventDate "2018.12.15"]
[EventRounds "8"]
[EventCountry "ESP"]

1. e4 e6 2. d4 Be7 3. Nc3 d6 4. Nf3 Nd7 5. Bd3 c6 6. O-O e5 7. Be3 Ngf6 8. h3
O-O 9. a4 Re8 10. g4 g6 11. Bc4 h5 12. Bxf7+ Kxf7 13. Ng5+ Kg8 14. Ne6 Qa5 15.
g5 Nxe4 16. Nxe4 Qd5 17. Nc7 Qxe4 18. Nxe8 Nf8 19. Kh2 Qf5 20. Rh1 Be6 21. Nc7
Bxg5 22. Kg2 Rc8 23. Nxe6 Nxe6 24. Qf3 Bf4 25. Bxf4 Nxf4+ 26. Kh2 e4 27. Qe3
Rf8 28. Rhg1 Rf6 29. Rg3 Kh7 30. f3 h4 31. Rg4 exf3 32. Rxh4+ Kg7 33. Qxf3
Qxc2+ 34. Kh1 Nd3 35. Rh7+ Kxh7 36. Qxf6 Nf2+ 37. Kg1 Nxh3+ 38. Kf1 Qd3+ 39.
Kg2  1-0

[Event "XXVII Open Internacional Ayuntamiento de Erandio"]
[Site "Erandio"]
[Date "2018.12.17"]
[Round "3"]
[Board "6"]
[White "Segura Del Frago, Imanol"]
[Black "Rubio Rodriguez, Luis"]
[Result "1-0"]
[WhiteElo "2023"]
[BlackElo "1782"]
[PlyCount "67"]
[EventDate "2018.12.15"]
[EventRounds "8"]
[EventCountry "ESP"]

1. e4 c5 2. Nf3 g6 3. Bc4 Nc6 4. O-O Bg7 5. c3 Nf6 6. e5 Ne4 7. d3 d5 8. Bb5
Bg4 9. dxe4 O-O 10. Bxc6 bxc6 11. exd5 cxd5 12. Re1 Qc7 13. Nbd2 Bxe5 14. h3
Bh5 15. g4 Bd6 16. gxh5 gxh5 17. Nf1 Kh8 18. Qxd5 Rg8+ 19. Kh1 Qd7 20. Qxh5 Rg6
21. Ne5 Bxe5 22. Qxe5+ f6 23. Qe6 Rag8 24. Ng3 Qd3 25. Be3 h5 26. Rad1 Qc2 27.
Rd2 Qa4 28. b3 Qb5 29. c4 Qb7+ 30. Qd5 Qc8 31. Qxh5+ Kg7 32. Bxc5 Kf7 33. Qd5+
Ke8 34. Rxe7+  1-0

[Event "XXVII Open Internacional Ayuntamiento de Erandio"]
[Site "Erandio"]
[Date "2018.12.17"]
[Round "3"]
[Board "7"]
[White "Hernandez Garcia, Maximo"]
[Black "Cenizo Vicente, Jesus Rafael"]
[Result "0-1"]
[WhiteElo "2003"]
[BlackElo "1745"]
[PlyCount "116"]
[EventDate "2018.12.15"]
[EventRounds "8"]
[EventCountry "ESP"]

1. e4 c5 2. Nf3 Nc6 3. d4 cxd4 4. Nxd4 g6 5. Nc3 Bg7 6. Be3 Nf6 7. f3 O-O 8.
Qd2 d5 9. O-O-O dxe4 10. Nxe4 Nxe4 11. Nxc6 Qxd2+ 12. Bxd2 Nf2 13. Nxe7+ Kh8
14. Nxc8 Raxc8 15. Bb5 Nxd1 16. Rxd1 Rfd8 17. c3 Rc5 18. Bf1 Rcd5 19. Kc2 Bh6
20. Bxh6 Rxd1 21. Bc4 Rg1 22. Bxf7 Rxg2+ 23. Kb3 g5 24. f4 Rd6 25. Bxg5 Kg7 26.
Bc4 Rxh2 27. Be7 Rd7 28. Bc5 Rh4 29. Be6 b6 30. Bxd7 bxc5 31. Kc4 Rxf4+ 32.
Kxc5 Rf2 33. b4 Rxa2 34. Kb5 Kf6 35. c4 Ke7 36. Kc6 Ra4 37. Bf5 Rxb4 38. Kc5
Rb6 39. Bxh7 Kd7 40. Bc2 Kc7 41. Ba4 a5 42. Bb5 Rg6 43. Be8 Rg5+ 44. Kd4 Kd6
45. Kc3 Rg3+ 46. Kd4 Rg4+ 47. Kc3 Kc5 48. Bf7 Rg3+ 49. Kb2 Kb4 50. Bd5 a4 51.
Ka2 Ra3+ 52. Kb2 Rb3+ 53. Ka2 a3 54. Bf7 Rb2+ 55. Ka1 Rf2 56. Be6 a2 57. c5 Ka3
58. Bc4 Rg2  0-1

[Event "XXVII Open Internacional Ayuntamiento de Erandio"]
[Site "Erandio"]
[Date "2018.12.17"]
[Round "3"]
[Board "8"]
[White "Garcia Rodriguez, Inaki"]
[Black "Bergara Ede, Josu"]
[Result "0-1"]
[WhiteElo "1938"]
[BlackElo "1713"]
[PlyCount "54"]
[EventDate "2018.12.15"]
[EventRounds "8"]
[EventCountry "ESP"]

1. d4 g6 2. e4 Bg7 3. Be3 c6 4. Nc3 d5 5. f3 dxe4 6. fxe4 Nf6 7. Nf3 Bg4 8. Qd2
a5 9. a4 Na6 10. Bc4 Bxf3 11. gxf3 O-O 12. O-O-O Nh5 13. Ne2 Nc7 14. Ng3 Nf6
15. h4 h5 16. Bh6 e6 17. Rhg1 Nce8 18. Bg5 Qc7 19. e5 Nd5 20. Nxh5 gxh5 21.
Bxd5 cxd5 22. Bf6 Kh7 23. Qg5 Bh6 24. Rd2 Bxg5 25. Rxg5 Nxf6 26. exf6 Kh6 27.
Rdg2 Qf4+  0-1

[Event "XXVII Open Internacional Ayuntamiento de Erandio"]
[Site "Erandio"]
[Date "2018.12.17"]
[Round "3"]
[Board "9"]
[White "Svyatoslav, Vorobyev"]
[Black "Prieto Aranguren, Alain"]
[Result "0-1"]
[WhiteElo "1768"]
[BlackElo "2242"]
[PlyCount "43"]
[EventDate "2018.12.15"]
[EventRounds "8"]
[EventCountry "ESP"]

1. e4 c6 2. d4 d5 3. Nc3 dxe4 4. Nxe4 Bf5 5. Ng3 Bg6 6. h4 h6 7. h5 Bh7 8. Nf3
Nd7 9. Bd3 Bxd3 10. Qxd3 e6 11. Bd2 Ngf6 12. O-O-O Be7 13. Ne4 Nxe4 14. Qxe4
Nf6 15. Qd3 Ng4 16. Qe2 g5 17. Rh3 Qd5 18. c4 Qf5 19. Rg1 b5 20. Ne5 Nxe5 21.
Qxe5 Qxf2 22. Re1 {...}  0-1

[Event "XXVII Open Internacional Ayuntamiento de Erandio"]
[Site "Erandio"]
[Date "2018.12.17"]
[Round "3"]
[Board "10"]
[White "Uria Ramirez, Aitor"]
[Black "Gonzalez Llano, Federico"]
[Result "1-0"]
[WhiteElo "1951"]
[BlackElo "1751"]
[PlyCount "111"]
[EventDate "2018.12.15"]
[EventRounds "8"]
[EventCountry "ESP"]

1. e4 c5 2. Nf3 Nc6 3. Bb5 a6 4. Bxc6 bxc6 5. O-O Qc7 6. d3 d5 7. h3 e5 8. exd5
cxd5 9. Nxe5 Bd6 10. Nf3 Ne7 11. d4 O-O 12. dxc5 Bxc5 13. Nbd2 Bf5 14. Nb3 Ba7
15. Nbd4 Be4 16. c3 Rad8 17. Be3 Rd6 18. Bf4 Rfd8 19. Re1 Qb6 20. Ng5 Rf6 21.
Qd2 Ng6 22. Bg3 Bf5 23. Nxf5 Rxf5 24. Nf3 h6 25. Nd4 Rg5 26. Re3 Bb8 27. Bxb8
Qxb8 28. Nf3 Rf5 29. g3 Rh5 30. h4 Qc8 31. Rae1 Qf5 32. Qd4 Qh3 33. g4 Rxh4 34.
Nxh4 Qxh4 35. Re8+ Kh7 36. Rxd8 Qxd8 37. c4 Nh4 38. Qd3+ f5 39. cxd5 Qg5 40.
Qg3 f4 41. Qd3+ Ng6 42. Qf5 Qxf5 43. gxf5 Nh4 44. d6 Nf3+ 45. Kf1 Nd4 46. d7
Nc6 47. Re8 h5 48. d8=Q Nxd8 49. Rxd8 Kh6 50. Kg2 Kg5 51. Rh8 Kg4 52. Rg8 f3+
53. Kh2 a5 54. Rxg7+ Kxf5 55. Kg3 Ke5 56. Re7+  1-0

[Event "XXVII Open Internacional Ayuntamiento de Erandio"]
[Site "Erandio"]
[Date "2018.12.18"]
[Round "4"]
[Board "1"]
[White "Segura Del Frago, Imanol"]
[Black "Trigo Urquijo, Sergio"]
[Result "0-1"]
[WhiteElo "2023"]
[BlackElo "2373"]
[PlyCount "91"]
[EventDate "2018.12.15"]
[EventRounds "8"]
[EventCountry "ESP"]

1. e4 d6 2. d4 Nf6 3. Bd3 e5 4. c3 Nc6 5. d5 Ne7 6. Ne2 g6 7. O-O Bg7 8. f4
exf4 9. Bxf4 O-O 10. Nd2 h6 11. Nf3 g5 12. Be3 Ng4 13. Bd4 Bxd4+ 14. Nfxd4 Ne3
15. Qd2 Nxf1 16. Rxf1 Ng6 17. Ng3 Ne5 18. h4 Kh7 19. Nh5 f6 20. Ng3 c5 21. Ndf5
Rg8 22. Be2 Bxf5 23. Nxf5 Qf8 24. h5 g4 25. Rf4 Rg5 26. Ng3 Qf7 27. Qd1 Rag8
28. Qf1 Qe7 29. Rxf6 Nf3+ 30. gxf3 gxf3 31. Rxf3 Rxg3+ 32. Rxg3 Rxg3+ 33. Kf2
Qh4 34. Bf3 Rh3+ 35. Kg1 Qg5+ 36. Bg2 Qe3+ 37. Qf2 Qxf2+ 38. Kxf2 Rxh5 39. Bf3
Rg5 40. Ke3 Kg7 41. Kf4 Kf6 42. b4 b6 43. a4 h5 44. a5 h4 45. Bg4 cxb4 46. cxb4
 0-1

[Event "XXVII Open Internacional Ayuntamiento de Erandio"]
[Site "Erandio"]
[Date "2018.12.18"]
[Round "4"]
[Board "2"]
[White "Cenizo Vicente, Jesus Rafael"]
[Black "Arias Garcia, Luis Javier"]
[Result "0-1"]
[WhiteElo "1745"]
[BlackElo "2168"]
[PlyCount "72"]
[EventDate "2018.12.15"]
[EventRounds "8"]
[EventCountry "ESP"]

1. c4 Nf6 2. Nc3 c5 3. Nf3 d5 4. cxd5 Nxd5 5. g3 Nc7 6. Bg2 Nc6 7. O-O e5 8. d3
Be7 9. Be3 O-O 10. Ne4 b6 11. a4 f6 12. a5 Be6 13. axb6 axb6 14. Ne1 Nd5 15.
Nc2 Qd7 16. Nc3 Kh8 17. Na3 Ndb4 18. Ncb5 Ra5 19. Bd2 h6 20. Qc1 Na2 21. Rxa2
Bxa2 22. Bxa5 Nxa5 23. Nc3 Be6 24. Nc2 Nb3 25. Qe3 Nd4 26. Qd2 f5 27. e3 Nb3
28. Qe2 Rd8 29. Rd1 Bf6 30. e4 g6 31. Nd5 Bxd5 32. exd5 Kg7 33. Re1 Qa4 34. Ne3
Nd4 35. Qd1 Qb4 36. Nc2 Nxc2  0-1

[Event "XXVII Open Internacional Ayuntamiento de Erandio"]
[Site "Erandio"]
[Date "2018.12.18"]
[Round "4"]
[Board "3"]
[White "Bergara Ede, Josu"]
[Black "Garrido Legarreta, Jose Javier"]
[Result "0-1"]
[WhiteElo "1713"]
[BlackElo "2045"]
[PlyCount "72"]
[EventDate "2018.12.15"]
[EventRounds "8"]
[EventCountry "ESP"]

1. d4 Nf6 2. Bf4 g6 3. e3 c5 4. c3 b6 5. Nf3 Bb7 6. Nbd2 Bg7 7. Be2 O-O 8. h3
d6 9. O-O Nbd7 10. a4 Qc7 11. Qb3 a6 12. Rfc1 Bc6 13. Qc2 Qb7 14. b4 b5 15.
bxc5 dxc5 16. Rab1 Nd5 17. Bg3 b4 18. Ne4 Nxe3 19. fxe3 Bxe4 20. Bd3 Bxf3 21.
gxf3 Qxf3 22. Qf2 Qxf2+ 23. Bxf2 a5 24. Bb5 Rfd8 25. cxb4 cxb4 26. Rc7 Nf6 27.
Rxe7 Nd5 28. Rb7 Nc3 29. Rc1 Rab8 30. Ra7 Nxb5 31. axb5 Rxb5 32. Bh4 g5 33.
Rcc7 Bf8 34. Bg3 b3 35. Rc1 b2 36. Rb1 Rc8  0-1

[Event "XXVII Open Internacional Ayuntamiento de Erandio"]
[Site "Erandio"]
[Date "2018.12.18"]
[Round "4"]
[Board "4"]
[White "Seoane Rodriguez, Unai"]
[Black "Garcia Bolanos, Irene"]
[Result "1-0"]
[WhiteElo "1808"]
[BlackElo "1430"]
[PlyCount "99"]
[EventDate "2018.12.15"]
[EventRounds "8"]
[EventCountry "ESP"]

1. c4 c5 2. g3 Nc6 3. Bg2 g6 4. Nf3 Bg7 5. O-O d6 6. Nc3 Nf6 7. d4 cxd4 8. Nxd4
Nxd4 9. Qxd4 O-O 10. Qd3 Rb8 11. Rd1 b6 12. e4 Be6 13. b3 Qc8 14. Bb2 Bh3 15.
Bh1 Ng4 16. Nd5 Qd7 17. Bxg7 Kxg7 18. Qc3+ Kg8 19. Nf4 Ne5 20. Nxh3 Qxh3 21.
Bg2 Qh5 22. f4 Ng4 23. h3 Qc5+ 24. Qd4 Qxd4+ 25. Rxd4 Ne3 26. Rd3 Nxg2 27. Kxg2
Rbc8 28. Rad1 Rc7 29. Rd5 Rfc8 30. e5 dxe5 31. Rxe5 f6 32. Red5 Kf7 33. Kf3 Kg7
34. a4 Kf7 35. R1d3 Kg7 36. Ke2 Kf7 37. Kd2 Ke6 38. Re3+ Kf7 39. Kc3 Ke8 40.
Red3 Kf7 41. a5 Ke6 42. Re3+ Kf7 43. axb6 axb6 44. Rb5 Rc6 45. Re2 R8c7 46. Ra2
Ke6 47. Ra8 Rb7 48. g4 Kd6 49. Rd8+ Rd7 50. Rd5+  1-0

[Event "XXVII Open Internacional Ayuntamiento de Erandio"]
[Site "Erandio"]
[Date "2018.12.18"]
[Round "4"]
[Board "5"]
[White "Prieto Aranguren, Alain"]
[Black "Oriza De Castro, Inigo"]
[Result "1-0"]
[WhiteElo "2242"]
[BlackElo "1798"]
[PlyCount "69"]
[EventDate "2018.12.15"]
[EventRounds "8"]
[EventCountry "ESP"]

1. d4 d5 2. c4 c6 3. Nf3 Nf6 4. Nc3 e6 5. Bg5 h6 6. Bh4 g5 7. Bg3 Bb4 8. e3 Qa5
9. Qb3 Ne4 10. Rc1 Nd7 11. a3 Bxc3+ 12. bxc3 Nb6 13. c5 Nc4 14. Bxc4 dxc4 15.
Qxc4 Qxa3 16. O-O g4 17. Ne5 Nd2 18. Qd3 Nxf1 19. Rxf1 Qa5 20. Nxg4 Qd8 21. Be5
Rg8 22. Nf6+ Ke7 23. Nxg8+ Qxg8 24. f4 f6 25. Bd6+ Kf7 26. Rf3 Qg6 27. e4 b5
28. f5 exf5 29. exf5 Qg5 30. Qe4 Qc1+ 31. Rf1 Qxc3 32. Qe7+ Kg8 33. Qe8+ Kg7
34. Qg6+ Kh8 35. Qxh6+  1-0

[Event "XXVII Open Internacional Ayuntamiento de Erandio"]
[Site "Erandio"]
[Date "2018.12.18"]
[Round "4"]
[Board "6"]
[White "Martin Ibisate, Xabier"]
[Black "Toledo Sanz, Imanol"]
[Result "0-1"]
[WhiteElo "1783"]
[BlackElo "2074"]
[PlyCount "68"]
[EventDate "2018.12.15"]
[EventRounds "8"]
[EventCountry "ESP"]

1. e4 c5 2. Nf3 e6 3. d4 cxd4 4. Nxd4 Nc6 5. Nc3 Qc7 6. Be2 Nf6 7. Be3 Be7 8.
f4 d6 9. O-O O-O 10. Qe1 a6 11. Qg3 Bd7 12. Rad1 b5 13. Nxc6 Bxc6 14. Bd4 b4
15. e5 dxe5 16. fxe5 Nd7 17. Bd3 bxc3 18. Bxh7+ Kxh7 19. Qh3+ Kg8 20. Rf6 Nxf6
21. exf6 Bxf6 22. Bxf6 Qf4 23. Bxg7 Kxg7 24. Qxc3+ Qf6 25. Qxc6 Rac8 26. Qa4
Rfd8 27. Rf1 Qd4+ 28. Qxd4+ Rxd4 29. c3 Rd2 30. Rf2 Rcd8 31. b4 Kf8 32. a4 Rd1+
33. Rf1 Rxf1+ 34. Kxf1 Rc8  0-1

[Event "XXVII Open Internacional Ayuntamiento de Erandio"]
[Site "Erandio"]
[Date "2018.12.18"]
[Round "4"]
[Board "7"]
[White "Villanueva Arguinberri, Bruno"]
[Black "Asensio Arino, Juan Angel"]
[Result "1-0"]
[WhiteElo "2001"]
[BlackElo "1533"]
[PlyCount "81"]
[EventDate "2018.12.15"]
[EventRounds "8"]
[EventCountry "ESP"]

1. d4 d5 2. c4 e6 3. Nc3 Nf6 4. Bg5 c6 5. e3 Nbd7 6. Nf3 Be7 7. Bd3 O-O 8. O-O
b6 9. Rc1 Bb7 10. b3 Re8 11. Qe2 Rc8 12. Rfd1 c5 13. Ne5 Nf8 14. Bxf6 Bxf6 15.
cxd5 exd5 16. Bf5 Ne6 17. Bxh7+ Kf8 18. Qh5 Bxe5 19. dxe5 Ng5 20. Bf5 Rc6 21.
Rxd5 Rh6 22. Qxh6 gxh6 23. Rxd8 Rxd8 24. f4 Ne6 25. Rd1 Rxd1+ 26. Nxd1 Ng7 27.
Bg4 Ke7 28. Kf2 Be4 29. Nc3 Bc2 30. Ke2 h5 31. Bf3 f6 32. Nd5+ Ke6 33. exf6 Ne8
34. Bxh5 Nxf6 35. Nxf6 Kxf6 36. Bf3 b5 37. g4 a5 38. Kd2 Bb1 39. a3 c4 40. bxc4
bxc4 41. Be2  1-0

[Event "XXVII Open Internacional Ayuntamiento de Erandio"]
[Site "Erandio"]
[Date "2018.12.18"]
[Round "4"]
[Board "8"]
[White "Salas Martin, Javier"]
[Black "Uria Ramirez, Aitor"]
[Result "0-1"]
[WhiteElo "1769"]
[BlackElo "1951"]
[PlyCount "38"]
[EventDate "2018.12.15"]
[EventRounds "8"]
[EventCountry "ESP"]

1. d4 Nf6 2. c4 c5 3. d5 e6 4. Nc3 exd5 5. cxd5 d6 6. e4 g6 7. f4 Bg7 8. Bb5+
Nfd7 9. a4 O-O 10. Nf3 Na6 11. O-O Nb4 12. Re1 a6 13. Bf1 Re8 14. Be3 Nf6 15.
Bf2 Bg4 16. Bc4 Nh5 17. Qd2 Bxf3 18. gxf3 Qf6 19. e5 Qxf4  0-1

[Event "XXVII Open Internacional Ayuntamiento de Erandio"]
[Site "Erandio"]
[Date "2018.12.18"]
[Round "4"]
[Board "9"]
[White "Caballero Acosta, Erlantz"]
[Black "Martinez De Soria Gordon, Jose Manuel"]
[Result "0-1"]
[WhiteElo "1532"]
[BlackElo "1900"]
[PlyCount "96"]
[EventDate "2018.12.15"]
[EventRounds "8"]
[EventCountry "ESP"]

1. e4 c6 2. Nf3 d5 3. Nc3 Bg4 4. h3 Bxf3 5. Qxf3 e6 6. b3 Nd7 7. d4 dxe4 8.
Nxe4 Ngf6 9. Bg5 Be7 10. Nxf6+ Bxf6 11. Bxf6 Qa5+ 12. c3 Nxf6 13. Bc4 O-O 14.
O-O Rac8 15. Rfe1 Nd5 16. Rec1 Rfd8 17. Bd3 g6 18. Bf1 Qc7 19. Rd1 b5 20. h4 a6
21. h5 Qf4 22. Qxf4 Nxf4 23. hxg6 hxg6 24. c4 bxc4 25. bxc4 Rb8 26. g3 Nh5 27.
Bg2 Rdc8 28. Rab1 Rxb1 29. Rxb1 Rd8 30. Rd1 c5 31. d5 Nf6 32. Kf1 Rd6 33. f4
Nd7 34. Re1 exd5 35. Bxd5 Nb6 36. Rd1 Kf8 37. Ke2 Ke7 38. Rd3 Nxd5 39. cxd5 Rb6
40. Ke3 Kd6 41. g4 f5 42. g5 a5 43. Rd2 Rb4 44. a3 Rb3+ 45. Rd3 Rxd3+ 46. Kxd3
Kxd5 47. a4 c4+ 48. Kc3 Kc5  0-1

[Event "XXVII Open Internacional Ayuntamiento de Erandio"]
[Site "Erandio"]
[Date "2018.12.18"]
[Round "4"]
[Board "10"]
[White "Mendez Nunez, Jose Antonio"]
[Black "Hernandez Garcia, Maximo"]
[Result "0-1"]
[WhiteElo "1743"]
[BlackElo "2003"]
[PlyCount "48"]
[EventDate "2018.12.15"]
[EventRounds "8"]
[EventCountry "ESP"]

1. e4 e5 2. f4 d5 3. exd5 e4 4. Nc3 Nf6 5. d3 Bf5 6. dxe4 Nxe4 7. Nxe4 Bxe4 8.
h4 Bc5 9. c3 O-O 10. Nf3 Bxd5 11. c4 Qe8+ 12. Ne5 Be6 13. Be2 f6 14. Nd3 Bd4
15. Qc2 Nc6 16. Bd2 Bg4 17. Bb4 Nxb4 18. Nxb4 Bxe2 19. Qxe2 Qa4 20. Qd2 Rfe8+
21. Kf1 c5 22. a3 Rad8 23. Re1 cxb4 24. Rxe8+ Qxe8  0-1

[Event "XXVII Open Internacional Ayuntamiento de Erandio"]
[Site "Erandio"]
[Date "2018.12.19"]
[Round "5"]
[Board "1"]
[White "Trigo Urquijo, Sergio"]
[Black "Arias Garcia, Luis Javier"]
[Result "1/2-1/2"]
[WhiteElo "2373"]
[BlackElo "2168"]
[PlyCount "68"]
[EventDate "2018.12.15"]
[EventRounds "8"]
[EventCountry "ESP"]

1. d4 Nf6 2. c4 e6 3. Nc3 Bb4 4. Qb3 Qe7 5. a3 Bxc3+ 6. Qxc3 O-O 7. f3 d6 8. e4
e5 9. d5 Ne8 10. h4 f5 11. exf5 Bxf5 12. g4 Bc8 13. Bd3 e4 14. Bg5 Nf6 15. Bxe4
Bxg4 16. Qe3 Qe5 17. Bxh7+ Nxh7 18. Qxe5 dxe5 19. fxg4 Nxg5 20. hxg5 Rf4 21. b3
Rxg4 22. Nf3 Nd7 23. Rh4 Rg2 24. O-O-O Rf8 25. Rh3 e4 26. Ne1 Rxg5 27. Re3 Rf4
28. Nc2 Rg2 29. Nd4 Ne5 30. Ne6 Rff2 31. Rxe4 Rc2+ 32. Kb1 Rb2+ 33. Ka1 Ra2+
34. Kb1 Rgb2+  1/2-1/2

[Event "XXVII Open Internacional Ayuntamiento de Erandio"]
[Site "Erandio"]
[Date "2018.12.19"]
[Round "5"]
[Board "2"]
[White "Garrido Legarreta, Jose Javier"]
[Black "Seoane Rodriguez, Unai"]
[Result "0-1"]
[WhiteElo "2045"]
[BlackElo "1808"]
[PlyCount "108"]
[EventDate "2018.12.15"]
[EventRounds "8"]
[EventCountry "ESP"]

1. e4 e6 2. d4 d5 3. Nc3 Bb4 4. e5 c5 5. a3 Bxc3+ 6. bxc3 Qa5 7. Bd2 Qa4 8. Qb1
c4 9. Nf3 Ne7 10. Be2 Nbc6 11. O-O O-O 12. Nh4 Qa5 13. Qe1 b5 14. f4 Bd7 15. g4
f6 16. exf6 Rxf6 17. Nf3 Raf8 18. Ne5 Nxe5 19. dxe5 Qb6+ 20. Qf2 Qxf2+ 21. Rxf2
R6f7 22. Raf1 Rc8 23. Be3 Rc7 24. h4 h5 25. f5 hxg4 26. f6 Nf5 27. Bg5 gxf6 28.
Bxf6 Ng3 29. Bxg4 Nxf1 30. Kxf1 Kh7 31. Rg2 Rf8 32. Ke2 Rg8 33. Bg5 Rcc8 34.
Rf2 Rgf8 35. Bf6 Rc6 36. Rg2 Be8 37. h5 Rg8 38. Kf3 Bf7 39. Rg1 Kh6 40. Rb1 Rb6
41. Be7 Rh8 42. Kf4 Rg8 43. Bc5 Rb7 44. Be3 a6 45. Kg3+ Kh7 46. Kh4 Rd7 47. Rf1
Rg7 48. Rf6 a5 49. Rh6+ Kg8 50. Bxe6 Bxe6 51. Rxe6 Rdf7 52. Re8+ Kh7 53. Bg5
Rf1 54. Re7 Rh1+  0-1

[Event "XXVII Open Internacional Ayuntamiento de Erandio"]
[Site "Erandio"]
[Date "2018.12.19"]
[Round "5"]
[Board "3"]
[White "Sadusea, Johnny Fernando"]
[Black "Rodriguez Gonzalez, Alex"]
[Result "0-1"]
[WhiteElo "2130"]
[BlackElo "1984"]
[PlyCount "80"]
[EventDate "2018.12.15"]
[EventRounds "8"]
[EventCountry "ESP"]

1. e4 Nc6 2. d4 d5 3. e5 Bf5 4. c3 e6 5. Nd2 f6 6. f4 Qd7 7. Ngf3 h5 8. Be2 h4
9. Nf1 h3 10. g3 Nh6 11. Bd3 Bxd3 12. Qxd3 fxe5 13. fxe5 O-O-O 14. Bxh6 Rxh6
15. O-O-O Na5 16. N1d2 c5 17. Kb1 c4 18. Qc2 Be7 19. Rdf1 Rf8 20. Rf2 b5 21.
Rhf1 Qe8 22. Ng1 Rxf2 23. Rxf2 Nc6 24. Ne2 b4 25. Qa4 Qg6+ 26. Ka1 Kc7 27. Nf4
Qe8 28. cxb4 Bxb4 29. Nb1 Rh8 30. Nc3 Bxc3 31. bxc3 g5 32. Ne2 Rf8 33. Rxf8
Qxf8 34. Nc1 Qf2 35. Qa3 Qxh2 36. Qd6+ Kb7 37. Qd7+ Kb6 38. Qxe6 Qxg3 39. Kb2
Qg2+ 40. Ka3 h2  0-1

[Event "XXVII Open Internacional Ayuntamiento de Erandio"]
[Site "Erandio"]
[Date "2018.12.19"]
[Round "5"]
[Board "4"]
[White "Toledo Sanz, Imanol"]
[Black "Uria Ramirez, Aitor"]
[Result "1-0"]
[WhiteElo "2074"]
[BlackElo "1951"]
[PlyCount "107"]
[EventDate "2018.12.15"]
[EventRounds "8"]
[EventCountry "ESP"]

1. e4 e5 2. Nf3 Nc6 3. Bb5 a6 4. Ba4 Nf6 5. O-O b5 6. Bb3 Be7 7. d3 d6 8. a3
Bg4 9. c3 O-O 10. Nbd2 Na5 11. Ba2 c5 12. h3 Bd7 13. Re1 Qc7 14. Nf1 Rad8 15.
Ng3 Bc8 16. d4 c4 17. d5 Nd7 18. Be3 Nc5 19. Qe2 Nab7 20. Rf1 Nd3 21. a4 Nbc5
22. axb5 axb5 23. Bb1 Rde8 24. Ra3 Bd7 25. b4 Nf4 26. Bxf4 exf4 27. Nh5 Nd3 28.
Bxd3 cxd3 29. Qxd3 f5 30. Qd4 Bf6 31. Nxf6+ Rxf6 32. Ra7 Qd8 33. e5 dxe5 34.
Nxe5 Bc8 35. Nc6 Qd6 36. Qc5 f3 37. Qxd6 Rxd6 38. gxf3 Bd7 39. Rc7 f4 40. Kh2
Rxd5 41. Nd4 Ree5 42. Ra1 Rh5 43. Ra8+ Kf7 44. Kg2 Ke7 45. Kf1 Rxh3 46. Ke2 Rh6
47. Kd3 Rhd6 48. Ke4 g5 49. Rh8 Kf6 50. Rc5 Rxc5 51. bxc5 Bf5+ 52. Nxf5 Re6+
53. Kd5 Re5+ 54. Kd4  1-0

[Event "XXVII Open Internacional Ayuntamiento de Erandio"]
[Site "Erandio"]
[Date "2018.12.19"]
[Round "5"]
[Board "5"]
[White "Martinez De Soria Gordon, Jose Manuel"]
[Black "Villanueva Arguinberri, Bruno"]
[Result "0-1"]
[WhiteElo "1900"]
[BlackElo "2001"]
[PlyCount "108"]
[EventDate "2018.12.15"]
[EventRounds "8"]
[EventCountry "ESP"]

1. e4 e5 2. Nc3 Nf6 3. g3 Bc5 4. Bg2 d6 5. Na4 Nc6 6. Ne2 Be6 7. O-O Qd7 8.
Nxc5 dxc5 9. d3 O-O-O 10. f4 Bg4 11. Bf3 c4 12. fxe5 Nxe5 13. Bxg4 Qxg4 14. Rf4
Qh3 15. Qf1 Qxf1+ 16. Rxf1 cxd3 17. cxd3 Rxd3 18. Nc3 Re8 19. Bg5 Nf3+ 20. Rxf3
Rxf3 21. Re1 h6 22. Bf4 g5 23. Bd2 Rd3 24. Bc1 a6 25. Kg2 b5 26. a3 Rd7 27. h4
gxh4 28. Bxh6 hxg3 29. Kxg3 Nd5 30. Bd2 Rg8+ 31. Kf3 Nb6 32. Bc1 Nc4 33. Nd5
Ne5+ 34. Ke2 Rg2+ 35. Kf1 Rh2 36. Nf4 Rh1+ 37. Ke2 Rxe1+ 38. Kxe1 Nd3+ 39. Nxd3
Rxd3 40. Ke2 Rh3 41. Be3 Kd7 42. b4 Rh2+ 43. Kd3 Ra2 44. Bc1 Ra1 45. Bb2 Rb1
46. Kc2 Re1 47. Kd3 Ke6 48. Bc3 Rd1+ 49. Ke2 Rb1 50. Kd2 Rb3 51. Kc2 Rxa3 52.
Kb2 Ra4 53. Kb3 c5 54. e5 Rxb4+  0-1

[Event "XXVII Open Internacional Ayuntamiento de Erandio"]
[Site "Erandio"]
[Date "2018.12.19"]
[Round "5"]
[Board "6"]
[White "Bergara Ede, Josu"]
[Black "Segura Del Frago, Imanol"]
[Result "0-1"]
[WhiteElo "1713"]
[BlackElo "2023"]
[PlyCount "60"]
[EventDate "2018.12.15"]
[EventRounds "8"]
[EventCountry "ESP"]

1. d4 c5 2. c3 Nf6 3. Bf4 Qb6 4. Qb3 Qxb3 5. axb3 cxd4 6. cxd4 Nc6 7. Nf3 d6 8.
e3 Nh5 9. Bb5 Nxf4 10. exf4 Bd7 11. Nc3 a6 12. O-O Rc8 13. Bc4 Bg4 14. Ng5 Bh5
15. h3 h6 16. Nge4 Bg6 17. Rfe1 Rd8 18. Rac1 f5 19. Ng3 Nxd4 20. Nd5 Nc6 21.
Bxa6 bxa6 22. Rxc6 Bf7 23. Nc3 g6 24. Rxa6 Bg7 25. Ra7 Bf6 26. Nge2 O-O 27. b4
d5 28. Nc1 d4 29. Na4 d3 30. Rd1 d2  0-1

[Event "XXVII Open Internacional Ayuntamiento de Erandio"]
[Site "Erandio"]
[Date "2018.12.19"]
[Round "5"]
[Board "7"]
[White "Hernandez Garcia, Maximo"]
[Black "Calleja Gonzalez, Unai"]
[Result "1-0"]
[WhiteElo "2003"]
[BlackElo "1695"]
[PlyCount "63"]
[EventDate "2018.12.15"]
[EventRounds "8"]
[EventCountry "ESP"]

1. e4 g6 2. d4 Bg7 3. Nf3 b6 4. Bd3 Bb7 5. Be3 d6 6. Nc3 Nd7 7. Qd2 Rc8 8. h4
h5 9. Ng5 Ngf6 10. e5 dxe5 11. Bxg6 e6 12. Bxf7+ Ke7 13. Nxe6 Kxf7 14. Nxd8+
Rcxd8 15. O-O-O Nc5 16. Qe2 Ba6 17. Qf3 Bb7 18. Qf5 exd4 19. Rxd4 Bc8 20. Qf3
Bg4 21. Qg3 Rxd4 22. Bxd4 Ne6 23. Bxf6 Kxf6 24. Ne4+ Kf7 25. Ng5+ Nxg5 26.
Qxc7+ Kg6 27. hxg5 Bf5 28. f4 h4 29. Qd6+ Kh5 30. Qe7 Bd4 31. g6 Kxg6 32. Qg5+
 1-0

[Event "XXVII Open Internacional Ayuntamiento de Erandio"]
[Site "Erandio"]
[Date "2018.12.19"]
[Round "5"]
[Board "8"]
[White "Garcia Bolanos, Irene"]
[Black "Cuero Reid, Maximo Javier"]
[Result "1/2-1/2"]
[WhiteElo "1430"]
[BlackElo "1804"]
[PlyCount "44"]
[EventDate "2018.12.15"]
[EventRounds "8"]
[EventCountry "ESP"]

1. e4 e6 2. d4 d6 3. Nf3 Be7 4. Bd3 Nd7 5. c3 Nf8 6. Be3 Bd7 7. Nbd2 Nf6 8. h3
Ng6 9. Qc2 Bc6 10. O-O Nh5 11. Nc4 Nhf4 12. Na5 Nxd3 13. Nxc6 bxc6 14. Qxd3 O-O
15. Qc4 Qd7 16. d5 cxd5 17. exd5 e5 18. Qd3 f5 19. Qc2 e4 20. Nd4 f4 21. Bd2 f3
22. Qxe4 fxg2  1/2-1/2